Online
Catalog

Nicaragua : (Record no. 2799)

MARC details
000 -CABECERA
campo de control de longitud fija 01306nam a2200277 a 4500
001 - NÚMERO DE CONTROL
campo de control 000002967
005 - FECHA Y HORA DE LA ÚLTIMA TRANSACCIÓN
campo de control 20250122110128.0
008 - DATOS DE LONGITUD FIJA--INFORMACIÓN GENERAL
campo de control de longitud fija 090706s1985 dr ac 000 0 spa d
040 ## - FUENTE DE LA CATALOGACIÓN
Centro catalogador/agencia de origen DO-SdBNP
Lengua de catalogación spa
Centro/agencia transcriptor BNPHU
082 ## - NÚMERO DE LA CLASIFICACIÓN DECIMAL DEWEY
Número de clasificación 305.42097285
Número de documento/Ítem C794n
100 1# - ENTRADA PRINCIPAL--NOMBRE DE PERSONA
Nombre de persona Cordero, Margarita
9 (RLIN) 39
245 10 - MENCIÓN DE TÍTULO
Título Nicaragua :
Resto del título las mujeres frente al proceso electoral.
260 ## - PUBLICACIÓN, DISTRIBUCIÓN, ETC.
Lugar de publicación, distribución, etc. Santo Domingo :
Nombre del editor, distribuidor, etc. Asociación Dominicana de Amistad con Nicaragua,
Fecha de publicación, distribución, etc. 1985.
300 ## - DESCRIPCIÓN FÍSICA
Extensión 53 p. :
Otras características físicas retr. ;
Dimensiones 21 cm.
490 1# - MENCIÓN DE SERIE
Mención de serie Ediciones populares feministas
500 ## - NOTA GENERAL
Nota general "Estas entrevistas fueron publicadas en el periódico "El Nuevo diario" entre el 29 de octubre y el 3 de noviembre de 1984, en el orden en que aquí son reproducidas. Las entrevistas a Rosa Julia Esquivel María Lourdes Bolaños aparecen por primera vez en esta edición."-- Verso de la portada
590 ## - NOTA LOCAL (RLIN)
Nota local Inventariado, 2018/MFF
650 #4 - PUNTO DE ACCESO ADICIONAL DE MATERIA--TÉRMINO DE MATERIA
Término de materia o nombre geográfico como elemento de entrada Derechos de la mujer
Subdivisión geográfica Nicaragua
9 (RLIN) 9423
650 #4 - PUNTO DE ACCESO ADICIONAL DE MATERIA--TÉRMINO DE MATERIA
Término de materia o nombre geográfico como elemento de entrada Mujeres en la política
Subdivisión geográfica Nicaragua
9 (RLIN) 9424
650 #4 - PUNTO DE ACCESO ADICIONAL DE MATERIA--TÉRMINO DE MATERIA
Término de materia o nombre geográfico como elemento de entrada Mujeres y socialismo
Subdivisión geográfica Nicaragua
9 (RLIN) 9425
650 #4 - PUNTO DE ACCESO ADICIONAL DE MATERIA--TÉRMINO DE MATERIA
Término de materia o nombre geográfico como elemento de entrada Mujeres
Subdivisión general Condiciones sociales
Subdivisión geográfica Nicaragua
9 (RLIN) 9426
650 #4 - PUNTO DE ACCESO ADICIONAL DE MATERIA--TÉRMINO DE MATERIA
Término de materia o nombre geográfico como elemento de entrada Sufragio femenino
Subdivisión geográfica Nicaragua
9 (RLIN) 9427
650 #4 - PUNTO DE ACCESO ADICIONAL DE MATERIA--TÉRMINO DE MATERIA
Término de materia o nombre geográfico como elemento de entrada Mujeres como guerrilleras
Subdivisión geográfica Nicaragua
9 (RLIN) 9428
830 #0 - PUNTO DE ACCESO ADICIONAL DE SERIE-TÍTULO UNIFORME
Título uniforme Ediciones populares feministas
9 (RLIN) 9429
910 ## - DATOS DE OPCIÓN DEL USUARIO (OCLC)
Datos de opción del usuario Validado. Control de calidad MFF
Holdings
Estado de retiro Estado de pérdida Restricciones de uso No para préstamo Código de colección Localización permanente Ubicación/localización actual Ubicación en estantería Fecha de adquisición Número de inventario Total de préstamos Signatura topográfica completa Código de barras Fecha visto por última vez Número de copia Precio válido a partir de Tipo de ítem Koha Nota pública Fuente de adquisición
        Dominicana de Servicio General General Depósito 22.06.2015 LF1   305.42097285 C794n 2967-40 25.06.2020 e. 3 25.06.2020 Libro y Folleto Colección Dominicana de Servicio Perteneció a la biblioteca personal de Chiqui Vicioso / Fidelio Despradel.  
      Excluido de préstamo Patrimonio Dominicano Patrimonio Dominicano Patrimonio Dominicano Depósito 10.06.2011 LF1   305.42097285 C794n 2967-30 25.06.2020 e. 2 25.06.2020 Libro y Folleto Colección Patrimonio Dominicano    
      Excluido de préstamo Patrimonio Dominicano Patrimonio Dominicano Patrimonio Dominicano Depósito 06.07.2009 LF1   305.42097285 C794n 2967-10 25.06.2020   25.06.2020 Libro y Folleto Colección Patrimonio Dominicano   025165

Powered by Koha